000 01270cab a2200253 4500
001 ABS55712
008 090401t1996 xxu||||| |||| 00| 0 eng d
035 _a(Sirsi) u18244
041 _aeng
245 _aMarch Estates plc v Gunmark Ltd
260 _c1996
350 _a0
490 _aEstates Gazette
_v1996 32 EG 75-77(3)
520 _aChD 14 March 1996. A 25-year lease granted to G on 25 February 1977 contained no provision for releasing G from original tenant liabilities on assignment. In 1990 the lease was assigned to E under licence by M. E became insolvent and went into rent arrears. E applied for an administration order. A company voluntary arrangement was put to the creditors under the Insolvency Act 1986 s3 & 23. M did not attend but G did and voted. No reference was made to the lease in the arangement. G`s argument that the arrangement released it from its original tenant liability was rejected. M was entitled to pursue G for unpaid rent.
650 _aASSIGNMENT
650 _aCOMPANY VOLUNTARY ARRANGEMENTS
650 _aInsolvency
_96247
650 _aLEASES
650 _aORIGINAL TENANT LIABILITY
650 _aRENT ARREARS
690 _aLANDLORD AND TENANT-CASE LAW-BUSINESS TENANCIES
942 _n0
948 _c04/03/1997
999 _c12107
_d12107